LIBRARY & INFORMATION CENTRE, KCAET, TAVANUR

ONLINE PUBLIC ACCESS CATALOGUE (OPAC)

Introduction to chemical engineering / (Record no. 3289)

MARC details
000 -LEADER
fixed length control field 00471cam a2200181ua 4500
041 ## - LANGUAGE CODE
Language code of text/sound track or separate title eng
082 ## - DEWEY DECIMAL CLASSIFICATION NUMBER
Classification number 660
Item number AND/IN
100 ## - MAIN ENTRY--AUTHOR NAME
Personal name Andersen, Bryce L .
245 00 - TITLE STATEMENT
Title Introduction to chemical engineering /
260 ## - PUBLICATION, DISTRIBUTION, ETC. (IMPRINT)
Place of publication New York :
Name of publisher McGraw Hill Book Company ,
Year of publication 1952.
300 ## - PHYSICAL DESCRIPTION
Number of Pages 364 ; .
700 1# - ADDED ENTRY--PERSONAL NAME
Personal name Wenzel, Leonard .
942 ## - ADDED ENTRY ELEMENTS (KOHA)
Koha item type Books
Holdings
Withdrawn status Lost status Damaged status Home library Current library Date acquired Full call number Accession Number Koha item type
      KAUAET KAUAET 07/04/2012 660 10914 Books
free website counter